| 000 | 00534nam a2200181Ia 4500 | ||
|---|---|---|---|
| 008 | 240729s9999 xx 000 0 und d | ||
| 022 | _a2055-8260 | ||
| 245 | 0 | _aClinical Diabetes and Endocrinology | |
| 260 | _aUnited Kingdom | ||
| 260 | _bBMC | ||
| 650 | _a Diseases of the endocrine glands. Clinical endocrinology | ||
| 650 | _a Internal medicine | ||
| 650 | _a Specialties of internal medicine | ||
| 650 | _aMedicine | ||
| 856 | _uhttps://doaj.org/toc/7a2da5e9b029452487f7606557875ac3 | ||
| 942 | _2ddc | ||
| 942 | _cDOAJEJ | ||
| 999 |
_c74317 _d74317 |
||
| 945 |
_a1 _bMadushi Gamage _c1 _dMadushi Gamage |
||